00837cam a2200277 a 450000100060000000300100000600500170001600700030003300800410003602000150007704000260009204100080011808200160012608400110014210000190015324501130017225000120028530000270029733600270032433700330035133800280038465000430041265000290045570000370048470000380052158518CO-BoRNBP20250825211039.0ta081217r1998 mx a gr 000 0 spa  a9681657993 aCO-BoBNbspacCO-BoBN14aspa04a823.914220 aN CRO11 aCross, Gillian10aEn el límite /cGillian Cross ; ilustraciones de Guillermo de Gante ; traducción de Catalina Domínguez a1a. ed. a237 p. :bil. ;c19 cm 2rdacontentatextobtxt 2rdamediaasin mediaciónbn 2rdacarrieravolumenbnc14aNovela juvenil inglesaySiglo XX2LEMB14aLiteratura juvenil2LEMB1 aGante, Guillermo de,eilustrador1 aDomínguez, Catalina,etraductor